Clic A quelle dynastie appartiennent ces empereurs du Saint-Empire ? - Statistiques

Statistiques générales
  • Ce quiz a été pris 34 fois
  • Le résultat moyen est 21 sur 55
Statistiques - réponses
Hint Explanation Réponse % Correct
Lothaire 1er + en 855 Carolingien
85%
Ferdinand 1er + en 1564 Habsbourg
69%
Rodolphe II + en 1612 Habsbourg
62%
Ferdinand II + en 1637 Habsbourg
62%
Maximilien II + en 1576 Habsbourg
58%
Charles V + en 1558 Habsbourg
58%
François II + en 1835 Habsbourg-Lorraine
58%
Charles 1er + en 814 Carolingien
54%
Louis 1er + en 840 Carolingien
54%
Frédéric II + en 1250 Hohenstaufen
54%
Ferdinand III + en 1657 Habsbourg
50%
Maximilien 1er + en 1519 Habsbourg
50%
Sigismond 1er + en 1437 Luxembourg
50%
Charles II + en 877 Carolingien
46%
Charles III + en 888 Carolingien
46%
Louis II + en 875 Carolingien
46%
Albert II + en 1439 Habsbourg
46%
Charles VI + en 1740 Habsbourg
46%
Rodolphe 1er + en 1291 Habsbourg
46%
Otton 1er + en 973 Ottonien
46%
Otton II + en 983 Ottonien
46%
Otton III + en 1002 Ottonien
46%
Léopold 1er + en 1705 Habsbourg
42%
Joseph 1er + en 1711 Habsbourg
42%
Matthias 1er + en 1619 Habsbourg
42%
Joseph II + en 1790 Habsbourg-Lorraine
42%
Léopold II + en 1792 Habsbourg-Lorraine
42%
Frédéric 1er + en 1190 Hohenstaufen
42%
Richard de Cornouailles + en 1272 Plantagenêt
42%
Albert 1er + en 1308 Habsbourg
38%
Venceslas + en 1419 Luxembourg
38%
Conrad II + en 1039 Franconien
35%
Alphonse de Castille + en 1284 Ivrée
35%
Charles VII + en 1745 Wittelsbach
35%
Henri V + en 1125 Franconien
31%
Henri III + en 1056 Franconien
31%
Henri VI + en 1197 Hohenstaufen
31%
Charles IV + en 1378 Luxembourg
31%
Adolphe + en 1298 Nassau
31%
Louis III l'aveugle + en 928 Bosonide
27%
Henri IV + en 1106 Franconien
27%
Frédéric III + en 1493 Habsbourg
27%
Lothaire III + en 1137 Supplimbourg
27%
Arnulf 1er de Carinthie + en 899 Carolingien
23%
Louis IV + en 1347 Wittelsbach
23%
Conrad III + en 1152 Hohenstaufen
19%
François 1er + en 1765 Lorraine
19%
Henri VII + en 1313 Luxembourg
19%
Otton IV + en 1218 Welf
19%
Lambert de Spolète + en 898 Widonide
19%
Guy de Spolète + en 894 Widonide
19%
Henri II + en 1024 Ottonien
15%
Béranger 1er + en 924 Unrochide
15%
Robert + en 1410 Wittelsbach
15%
Guillaume 1er + en 1256 Gerulfing
4%
Aucun quiz correspondant
Distribution des résultats
% des personnes avec chaque résultat
Percentile par nombre de réponses
Votre historique - résultats
Vous n’avez pas pris ce quiz